000 00635nam a2200241Ia 4500
003 OSt
005 20220918190452.0
006 a|||||r|||| 00| 0
007 ta
008 220917b |||||||| |||| 00| 0 eng d
024 _a57,039
037 _cTextual
040 _aARTS
_cARTS
_beng
041 _2eng
_aeng
082 _aQ:(G), N6
100 _aMishra Kailash Pati
_972721
245 0 _aStudies in problems of comparative religion
260 _aVaranasi
_bKala Prak
_c1996
300 _aii,222p.
_ccm.
650 _aRELIGION
942 _hQ:(G), N6
_cTEXL
_2CC
999 _c185296
_d185296